Macroeconomics : Principles, problems, and policies /

Wedi'i Gadw mewn:
Manylion Llyfryddiaeth
Prif Awdur: McConnell, Campbell R
Fformat: Llyfr
Iaith:Vietnamese
Cyhoeddwyd: "McGraw-Hill Irwin" 2005
Tagiau: Ychwanegu Tag
Dim Tagiau, Byddwch y cyntaf i dagio'r cofnod hwn!
Thư viện lưu trữ: Mạng thư viện Đại học Đà Nẵng
LEADER 00671nam a2200265 4500
001 000027788
003 MC-C05
005 20150403120000.0
008 150403s vm 000 vie
020 |c 0,0000 
040 |a notts 
100 |a McConnell, Campbell R 
245 |a Macroeconomics : Principles, problems, and policies /  |c Campbell R. McConnell, Stanley L. Brue. 
260 |b "McGraw-Hill Irwin"  |c 2005 
OWN |a LTT 
999 |a From the UDN01 
TYP |a Monograph 
TYP |a Printed language 
980 |a Mạng thư viện Đại học Đà Nẵng